Gaming Quiz

Random Gaming or Pokémon Quiz

Pokémon Without Repeated Letters Quiz Stats

 Plays Quiz Updated Aug 10, 2015

Challenge
Share
Tweet
Embed
Score 0/55 Timer 10:00
5 Plays Today
Name Length Pokémon % Correct
3Mew
88%
7Pikachu
80.3%
8Squirtle
70.2%
6Raichu
67.4%
6Zapdos
62.8%
7Moltres
61.8%
8Articuno
61%
6Pidgey
60.9%
7Ivysaur
56.7%
3Muk
55.6%
7Pidgeot
55.6%
4Onix
55.4%
4Jynx
55.1%
7Metapod
54.7%
5Ekans
52.5%
5Arbok
52.3%
6Gastly
52%
7Haunter
51.8%
5Golem
51.7%
9Dragonite
49.6%
6Staryu
47.6%
6Fearow
47%
6Meowth
47%
7Spearow
46.9%
7Flareon
46.8%
7Starmie
46.5%
7Snorlax
46.4%
6Vulpix
45.9%
Name Length Pokémon % Correct
6Machop
45.5%
5Zubat
45.5%
9Growlithe
44.8%
7Scyther
44.7%
7Machoke
44.7%
6Golbat
43.3%
7Dugtrio
42.7%
7Persian
42.5%
6Ponyta
41.3%
6Kabuto
40.9%
8Clefairy
40.7%
6Tauros
40.4%
7Psyduck
40.3%
7Seaking
40.3%
7Chansey
40.1%
8Kabutops
38.6%
7Golduck
37.9%
7Poliwag
37.7%
6Mankey
37.5%
7Omanyte
37.1%
5Hypno
36.6%
6Horsea
35.7%
9Poliwrath
35.3%
6Rhydon
34.9%
6Cubone
34%
8Cloyster
33.4%
7Kingler
31.3%

You're not logged in!

Compare scores with friends on all Sporcle quizzes.
Join for Free
OR
Log In

You Might Also Like...

Show Comments

Extras

Top Quizzes Today


Score Distribution

Your Account Isn't Verified!

In order to create a playlist on Sporcle, you need to verify the email address you used during registration. Go to your Sporcle Settings to finish the process.

Report this User

Report this user for behavior that violates our Community Guidelines.

Details: